<The> Euro in the Slovak Republic: Useful Experience

Stručne z histórie Európy, Európskej únie. Spoločná mena ako symbol Európy. Výhody a nevýhody členstva v eurozóne. Základné princípy implementácie eura v Slovenskej republike. Čo potrebuje eurozóna v súčasnosti?

Gespeichert in:
Bibliographische Detailangaben
1. Verfasser: Lipianska, Júlia
Weitere Verfasser: Oreský, Milan, 1956-, Orgonáš, Jozef, 1957-
Format: Buchkapitel
Sprache:Englisch
Schlagworte:
Tags: Tag hinzufügen
Keine Tags, Fügen Sie das erste Tag hinzu!

MARC

LEADER 00000naa a2200000 4500
001 0144585
005 20240502083334.5
041 0 |a eng 
044 |a LT 
245 1 0 |a <The> Euro in the Slovak Republic: Useful Experience  |c Júlia Lipianska, Milan Oreský, Jozef Orgonáš 
520 |a Stručne z histórie Európy, Európskej únie. Spoločná mena ako symbol Európy. Výhody a nevýhody členstva v eurozóne. Základné princípy implementácie eura v Slovenskej republike. Čo potrebuje eurozóna v súčasnosti? 
610 2 0 |a euro 
610 2 0 |a eurozóna 
610 2 0 |a únie menové 
610 2 0 |a Európa 
610 2 0 |a Slovensko 
100 1 |a Lipianska, Júlia 
700 1 |a Oreský, Milan, 1956- 
700 1 |a Orgonáš, Jozef, 1957-